Chemical center university of lund - bibliography 1981
Wedi'i Gadw mewn:
| Fformat: | Llyfr |
|---|---|
| Iaith: | Undetermined |
| Cyhoeddwyd: |
1981
|
| Pynciau: | |
| Tagiau: |
Ychwanegu Tag
Dim Tagiau, Byddwch y cyntaf i dagio'r cofnod hwn!
|
| Thư viện lưu trữ: | Trung tâm Học liệu Trường Đại học Cần Thơ |
|---|
| LEADER | 00396nam a2200145Ia 4500 | ||
|---|---|---|---|
| 001 | CTU_23455 | ||
| 008 | 210402s9999 xx 000 0 und d | ||
| 082 | |a 016.54 | ||
| 082 | |b C517 | ||
| 245 | 0 | |a Chemical center university of lund - bibliography 1981 | |
| 260 | |c 1981 | ||
| 650 | |a Chemistry | ||
| 650 | |x Bibliography | ||
| 904 | |i Truc | ||
| 980 | |a Trung tâm Học liệu Trường Đại học Cần Thơ | ||